| 000 | 00414nam a2200157 i 4500 | ||
|---|---|---|---|
| 001 | 85124 | ||
| 003 | ES-MaACL | ||
| 005 | 20230906175203.0 | ||
| 007 | t| | ||
| 008 | 041125s1907 fr ||||1| fre d | ||
| 100 | 1 |
_aJosselyn, F. M. _967000 |
|
| 245 | 1 | 0 |
_aEtudes de Phonetique Espagnole / _cF.M. Josselyn. |
| 260 |
_a[Paris : _bMasson et Cie], _c1907. |
||
| 300 |
_a193 p. ; _c21 cm. |
||
| 852 |
_aES-MaACL _jD-4124 |
||
| 999 |
_c85124 _d85124 |
||